Länder nach niedrigstem Unterschied in aufgezeichneten Höchst- und Niederigtemperaturen - Statistiken

Allgemein
  • Dieses Quiz wurde 133 mal gespielt
  • Das Durchschnittsergebnis liegt bei 18 aus 24
Antwortstatistiken
+/- C° +/- °F Country % Korrekt
16.1 61.0 Palau
87%
15.6 60.1 Tuvalu
87%
17.8 64.0 Mikronesien
85%
19.5 67.1 Salomonen
82%
26.0 78.8 Samoa
82%
27.2 81.0 Tonga
82%
17.3 63.1 Kiribati
81%
15.6 60.1 Marshallinseln
81%
14.2 57.6 Nauru
81%
20.0 68.0 St. Lucia
81%
18.9 66.0 St. Vincent und die Grenadinen
79%
16.8 62.2 Malediven
78%
18.8 65.8 Seychellen
76%
19.1 66.4 St. Kitts und Nevis
76%
20.0 68.0 Barbados
75%
22.3 72.1 Komoren
75%
21.6 70.9 Dominica
73%
19.7 67.5 Grenada
73%
18.1 64.6 Singapur
73%
19.4 66.9 Trinidad und Tobago
73%
18.2 64.8 Antigua und Barbuda
69%
19.9 67.8 Brunei
69%
23.7 74.7 Suriname
46%
26.4 79.5 Guyana
45%
Keine übereinstimmenden Quizze gefunden
Verteilung der Resultate
Anzahl Personen mit jedem Resultat
Perzentil nach korrekt beantworteten Fragen
Ihre Resultats-Entwicklung
Sie haben dieses Quiz noch nicht gespielt